150 największych miast w Polsce - Statystyki

Ogólne statystyki
  • Ten quiz został rozwiązany 263 razy
  • Średni wynik to 82 z 150
Statystyki odpowiedzi
Województwo Miasto Ludność % Poprawnych
1. Mazowieckie Warszawa 1 795 569
95%
2. Małopolskie Kraków 782 137
93%
3. Łódzkie Łódź 664 071
93%
4. Dolnośląskie Wrocław 642 687
93%
6. Pomorskie Gdańsk 470 621
92%
5. Wielkopolskie Poznań 529 410
92%
12. Pomorskie Gdynia 243 918
90%
10. Podlaskie Białystok 295 683
89%
9. Lubelskie Lublin 336 339
89%
7. Zachodniopomorskie Szczecin 395 513
89%
11. Śląskie Katowice 286 960
88%
8. Kujawsko-pomorskie Bydgoszcz 339 053
85%
27. Opolskie Opole 127 077
85%
15. Podkarpackie Rzeszów 198 609
83%
16. Kujawsko-pomorskie Toruń 196 935
83%
14. Mazowieckie Radom 206 946
81%
18. Świętokrzyskie Kielce 191 448
80%
24. Lubuskie Zielona Góra 140 403
80%
13. Śląskie Częstochowa 214 342
79%
20. Warmińsko-mazurskie Olsztyn 169 793
79%
19. Śląskie Gliwice 175 102
77%
29. Lubuskie Gorzów Wielkopolski 120 087
77%
23. Śląskie Bytom 161 139
76%
17. Śląskie Sosnowiec 194 818
76%
22. Śląskie Bielsko-Biała 168 319
75%
129. Pomorskie Sopot 34 909
72%
21. Śląskie Zabrze 168 946
72%
35. Małopolskie Tarnów 105 922
71%
36. Śląskie Chorzów 105 628
69%
30. Warmińsko-mazurskie Elbląg 117 390
69%
37. Zachodniopomorskie Koszalin 104 994
69%
32. Mazowieckie Płock 116 962
69%
54. Podlaskie Suwałki 69 206
68%
38. Wielkopolskie Kalisz 97 905
67%
52. Dolnośląskie Lubin 70 815
67%
44. Małopolskie Nowy Sącz 83 116
67%
95. Zachodniopomorskie Kołobrzeg 45 713
66%
39 Dolnośląskie Legnica 97 300
66%
28. Śląskie Tychy 125 781
66%
67. Warmińsko-mazurskie Ełk 61 677
65%
53. Kujawsko-pomorskie Inowrocław 70 713
65%
45. Dolnośląskie Jelenia Góra 77 366
65%
50. Łódzkie Piotrków Trybunalski 71 252
65%
33. Dolnośląskie Wałbrzych 108 222
65%
31. Śląskie Dąbrowa Górnicza 116 971
63%
49. Wielkopolskie Konin 71 427
63%
48. Wielkopolskie Piła 71 846
63%
25. Śląskie Rybnik 135 994
63%
34. Kujawsko-pomorskie Włocławek 106 928
63%
26. Śląskie Ruda Śląska 135 008
62%
64. Lubelskie Zamość 62 021
62%
62. Mazowieckie Pruszków 62 750
61%
42. Pomorskie Słupsk 88 835
60%
69. Lubelskie Chełm 60 231
58%
40. Kujawsko-pomorskie Grudziądz 92 552
58%
41. Śląskie Jaworzno 89 350
58%
56. Wielkopolskie Gniezno 66 769
57%
65. Podlaskie Łomża 62 019
57%
94. Podkarpackie Tarnobrzeg 45 827
57%
76. Łódzkie Bełchatów 55 583
56%
72. Opolskie Kędzierzyn-Koźle 58 899
56%
73. Podkarpackie Przemyśl 58 721
56%
96. Podkarpackie Krosno 45 463
55%
46. Mazowieckie Siedlce 77 354
55%
55. Zachodniopomorskie Stargard 67 293
55%
108. Zachodniopomorskie Świnoujście 40 467
55%
75. Lubelskie Biała Podlaska 56 498
54%
43. Śląskie Jastrzębie Zdrój 86 632
54%
63. Wielkopolskie Leszno 62 200
53%
70. Podkarpackie Mielec 59 509
53%
102. Opolskie Nysa 42 740
53%
51. Wielkopolskie Ostrów Wielkopolski 70 982
53%
90. Łódzkie Skierniewice 47 031
53%
47. Śląskie Mysłowice 74 085
52%
57. Świętokrzyskie OstrowiecŚwiętokrzyski 66 258
52%
60. Łódzkie Pabianice 63 023
52%
118. Pomorskie Malbork 37 693
51%
68. Łódzkie TomaszówMazowiecki 60 529
51%
78. Śląskie Będzin 55 183
50%
83. Mazowieckie Ostrołęka 51 012
50%
58. Śląskie SiemianowiceŚląskie 65 684
50%
59. Dolnośląskie Głogów 65 400
49%
85. Mazowieckie Piaseczno 48 688
49%
80. Śląskie Piekary Śląskie 54 226
49%
71. Pomorskie Tczew 59 111
49%
79. Łódzkie Zgierz 54 974
48%
136. Małopolskie Nowy Targ 33 090
47%
93. Lubelskie Puławy 46 304
47%
97. Łódzkie Radomsko 44 700
47%
105. Łódzkie Sieradz 40 891
47%
74. Podkarpackie Stalowa Wola 58 545
47%
61. Śląskie Żory 62 848
47%
88. Śląskie Zawiercie 48 108
46%
150. Podlaskie Augustów 29 729
45%
134. Śląskie Cieszyn 33 500
45%
98. Podkarpackie Dębica 44 692
45%
122. Podkarpackie Jarosław 36 563
45%
99. Mazowieckie Otwock 44 078
45%
125. Podkarpackie Sanok 36 462
45%
101. Świętokrzyskie Skarżysko-Kamienna 43 422
45%
109. Zachodniopomorskie Szczecinek 39 474
45%
66. Śląskie Tarnowskie Góry 61 842
45%
87. Pomorskie Wejherowo 48 462
45%
82. Mazowieckie Legionowo 53 205
44%
100. Mazowieckie Ciechanów 43 495
43%
120. Małopolskie Oświęcim 37 031
43%
81. Śląskie Racibórz 53 632
43%
91. Świętokrzyskie Starachowice 46 879
43%
86. Śląskie Świętochłowice 48 577
43%
149. Śląskie Żywiec 30 313
43%
92. Pomorskie Starogard Gdański 46 768
42%
77. Dolnośląskie Świdnica 55 413
42%
137. Warmińsko-mazurskie Iława 33 003
41%
106. Mazowieckie Mińsk Mazowiecki 40 754
41%
84. Pomorskie Rumia 49 936
41%
89. Śląskie Wodzisław Śląski 47 073
41%
110. Pomorskie Chojnice 39 423
40%
103. Łódzkie Kutno 42 704
40%
131. Opolskie Brzeg 34 778
39%
133. Podkarpackie Jasło 34 040
39%
123. Lubuskie Żary 36 559
39%
113. Dolnośląskie Bolesławiec 38 346
38%
138. Dolnośląskie Oława 32 997
38%
121. Dolnośląskie Oleśnica 36 683
38%
104. Śląskie Mikołów 41 047
37%
145. Mazowieckie Mława 31 047
37%
117. Lubuskie Nowa Sól 37 791
37%
140. Warmińsko-mazurskie Ostróda 32 440
37%
112. Mazowieckie Żyrardów 39 138
37%
139. Mazowieckie GrodziskMazowiecki 32 818
36%
130. Pomorskie Lębork 34 864
35%
147. Śląskie Myszków 30 776
35%
144. Zachodniopomorskie Police 31 863
34%
124. Mazowieckie Wołomin 36 492
34%
107. Łódzkie Zduńska Wola 40 730
34%
127. Małopolskie Chrzanów 35 651
33%
132. Małopolskie Olkusz 34 265
33%
142. Pomorskie Pruszcz Gdański 31 949
33%
128. Mazowieckie Sochaczew 35 455
33%
114. Lubelskie Świdnik 38 174
33%
126. Śląskie Czechowice-Dziedzice 35 684
32%
148. Śląskie Czeladź 30 732
31%
135. Lubelskie Kraśnik 33 382
31%
141. Dolnośląskie Dzierżoniów 32 346
29%
119. Śląskie Knurów 37 502
29%
116. Pomorskie Kwidzyn 37 975
29%
146. Wielkopolskie Września 30 937
27%
111. Mazowieckie Ząbki 39 420
27%
115. Mazowieckie Marki 38 061
26%
143. Wielkopolskie Luboń 31 900
21%
Nie znaleziono quizów pasujących do podanych kryteriów
Rozkład punktacji
Procent ludzi z każdym wynikiem
Percentyl według liczby udzielonych odpowiedzi
Twoja historia wyników
Nie rozwiązałeś tego quizu